The southern Tennessee coal field (Record no. 26533)

MARC details
000 -LEADER
fixed length control field 01151cam a22002651 4500
001 - CONTROL NUMBER
control field gs 27000042
003 - CONTROL NUMBER IDENTIFIER
control field DLC
005 - DATE AND TIME OF LATEST TRANSACTION
control field 20260227111331.0
008 - FIXED-LENGTH DATA ELEMENTS--GENERAL INFORMATION
fixed length control field 791013s1925 tnuab s000 0 eng c
010 ## - LIBRARY OF CONGRESS CONTROL NUMBER
LC control number gs 27000042
035 ## - SYSTEM CONTROL NUMBER
System control number (OCoLC)5522372
040 ## - CATALOGING SOURCE
Original cataloging agency U.S. Geol. Survey Library
Transcribing agency ViHarT
Modifying agency DLC
042 ## - AUTHENTICATION CODE
Authentication code premarc
050 00 - LIBRARY OF CONGRESS CALL NUMBER
Classification number QE165
Item number .A2 no. 33-A
051 ## - LIBRARY OF CONGRESS COPY, ISSUE, OFFPRINT STATEMENT
Classification number TN805.T2
Item number N4
Copy information Copy 2.
100 1# - MAIN ENTRY--PERSONAL NAME
Personal name Nelson, Wilbur Armistead,
Dates associated with a name 1889-
245 14 - TITLE STATEMENT
Title The southern Tennessee coal field
Remainder of title included in Bledsoe, Cumberland, Franklin, Grundy, Hamilton, Marion, Putnam, Rhea, Sequatchie, Van Buren, Warren, and White counties,
Statement of responsibility, etc. by Wilbur A. Nelson.
260 ## - PUBLICATION, DISTRIBUTION, ETC.
Place of publication, distribution, etc. Nashville, Tenn.,
Date of publication, distribution, etc. 1925.
300 ## - PHYSICAL DESCRIPTION
Extent xvi, 239 p.
Other physical details incl. illus., tables, diagr. VIII pl. (incl. fold. map, fold. profile)
Dimensions 23 cm.
490 0# - SERIES STATEMENT
Series statement Tennessee. Dept. of Education. Division of Geology. Bulletin 33-A
500 ## - GENERAL NOTE
General note Bound together with Bulletin 33-C and 33-D.
500 ## - GENERAL NOTE
General note "Analyses of mine samples," by A. C. Fieldner, H. M. Cooper and F. D. Osgood: p. 232-233.
500 ## - GENERAL NOTE
General note "Analyses of delivered coal," by N. H. Snyder: p. 234-235.
650 #0 - SUBJECT ADDED ENTRY--TOPICAL TERM
Topical term or geographic name entry element Coal
Geographic subdivision Tennessee

No items available.

Powered by Koha